LEADER 01262nam a2200289 i 4500 001 000000102250 003 CaOOAMICUS 005 20170418000000.0 008 170418s2001 it u000 u ita u 013 $a74403 020 $a88-215-4363-3 040 $aSeMil$bita 100 1 $aVogels, Walter.$0(OLS)http://semarc/name/78608 240 10$aJob, l'homme qui a bien parlé de Dieu.$0(OLS)http://semarc/title/407020 245 10$aGiobbe. L'uomo che ha parlato bene di Dio /$cWalter Vogels. 260 $aCinisello Balsamo :$bSan Paolo,$c2001. 300 $a252 p. ;$c21 cm. 490 0 $aParola di Dio. 2. Serie ;$v50 500 $aContiene : Bibliografia. 650 4$aBibbia. Antico Testamento. Giobbe - Commentari, studi, critica, interpretazioni.$0(OLS)http://semarc/subject/182 830 0$aParola di Dio. 2. serie ;$v50.$0(OLS)http://semarc/title/5940 850 $aSeMil 852 $aSeMil$W1$xVenegono$y1$m2Z III 18$j58796$B58796$CSeMilBibl$Z2$F69762 $81 961 $aRecupero: Seminario di Seveso 996 $6020$a88-215-4363-3$9(OLS)http://semarc/number/81923 996 $6245$aGiobbe. L'uomo che ha parlato bene di Dio$9(OLS)http://semarc/title/407019 996 $6260$aCinisello Balsamo :$bSan Paolo$9(OLS)http://semarc/publisher/30129 LEADER 01394nam a2200265 i 4500 001 000000042622 003 CaOOAMICUS 005 20230127143841.0 008 140402s1972 gw u000 u ger u 020 $a3-11-001834-9 040 $aSeMil$bita 100 1 $aRidderbos, Nicolaas Herman.$0(OLS)http://semarc/name/21110 245 14$aDie Psalmen :$bstilistische Verfahren und Aufbau mit besonder Berücksichtigung von Ps 1-41 /$cNic. H. Ridderbos. 260 $aBerlin ; New York :$bWalter de Gruyter,$c1972. 300 $a305 p. ;$c24 cm. 490 1 $aBeihefte zur Zeitschrift für die alttestamentliche Wissenschaft ;$v117 650 4$aBibbia. Antico Testamento. Salmi - Commentari, studi, critica, interpretazioni.$0(OLS)http://semarc/subject/289 650 4$aBibbia. Antico Testamento. Salmi, 1-50.$0(OLS)http://semarc/subject/7334 830 0$aBeihefte zur Zeitschrift für die alttestamentliche Wissenschaft ;$v117.$0(OLS)http://semarc/title/294 850 $aSeMil 852 $aSeMil$W1$xVenegono$y1$m2XA Q 117$j236796$B8777$CSeMilBibl$Z2$F8777 $81 996 $6020$a3-11-001834-9$9(OLS)http://semarc/number/13981 996 $6245$aDie Psalmen :$bstilistische Verfahren und Aufbau mit besonder Berücksichtigung von Ps 1-41$9(OLS)http://semarc/title/62226 996 $6260$aBerlin ; New York :$bWalter de Gruyter$9(OLS)http://semarc/publisher/29849